| 000 | 00934naa a22002657a 4500 | ||
|---|---|---|---|
| 001 | BR9401364 | ||
| 003 | BR-BrBNA | ||
| 005 | 20240918180916.0 | ||
| 007 | ta | ||
| 008 | 230509b bl.||||| |||| 00| 0 por d | ||
| 040 |
_aBR-BrBNA _bpor _cBiblioteca Nacional de Agricultura |
||
| 041 | _a(Pt) | ||
| 072 | _aN10 | ||
| 090 | _aN10 BR9401364 | ||
| 100 | 1 | _aAguirre, J. de | |
| 111 | 1 |
_a11. Congresso Brasileiro de Engenharia Agricola _cBrasilia, DF (Brazil) _d1981 |
|
| 245 | 1 | _aMini-estabulo | |
| 260 | 3 |
_aCampinas, SP (Brasil): _c1981. |
|
| 500 | _aAnais do 11. Congresso Brasileiro de Engenharia Agricola Campinas, SP (Brasil): 1981. v. 1 p. 339-346 (BR9401364-AM)N10 | ||
| 650 | _aAbrigo para Animal | ||
| 650 | _aEstabulo | ||
| 773 | 0 |
_tAnais do 11. Congresso Brasileiro de Engenharia Agricola _wN10 BR9401364 _gCampinas, SP (Brasil), 1981. v. 1 p. 339-346 |
|
| 909 |
_a202404 _bLucia _c55 _dLucia Elande |
||
| 942 |
_cAM _2AGRIS |
||
| 999 |
_c322619 _d322619 |
||